| 000 | 00873nam a2200265 a 4500 | ||
|---|---|---|---|
| 001 | 66163 | ||
| 003 | BD-RjUL | ||
| 005 | 20211209081516.0 | ||
| 008 | 170314s1982 enka b 000 0 eng | ||
| 020 | _a0803918216 | ||
| 035 | _a(BD-RjUL)66293 | ||
| 040 |
_aDLC _cDLC _dDLC _dBD-RjUL _beng |
||
| 041 | _aeng | ||
| 082 |
_223 _a001.433 _bCOM 1982 |
||
| 245 | 1 | 0 |
_aCommunication strategies in evaluation / _cNick L. Smith, editor. |
| 260 |
_aBeverly Hills : _bSage Publications, _cc1982. |
||
| 300 |
_a304 p. : _bill. ; _c23 cm. |
||
| 504 | _aIncludes bibliographies. | ||
| 650 | 0 |
_aEvaluation. _9195728 |
|
| 650 | 0 |
_aCommunication _xMethodology. _9195776 |
|
| 700 | 1 |
_aSmith, Nick L. _9195729 |
|
| 856 | 4 | 2 |
_3Publisher description _uhttp://www.loc.gov/catdir/enhancements/fy0660/82000698-d.html |
| 942 |
_2ddc _cBK |
||
| 999 |
_c66163 _d66163 |
||